[Event "Olympiad-42"]
[Site "Baku"]
[Date "2016.09.04"]
[Round "3.1"]
[White "Rossini, Paul"]
[Black "Mafnas, Peter"]
[Result "0-1"]
[WhiteElo "1692"]
[BlackElo "2095"]
[PlyCount "82"]
[EventDate "2016.09.02"]
[EventType "team-swiss"]
[EventRounds "11"]
[EventCountry "AZE"]
[SourceTitle "CBM 175"]
[Source "ChessBase"]
[SourceDate "2016.11.10"]
[SourceVersion "1"]
[SourceVersionDate "2016.11.10"]
[SourceQuality "1"]
[WhiteTeam "San Marino"]
[BlackTeam "Guam"]
[WhiteTeamCountry "SMR"]
[BlackTeamCountry "GMA"]

1. e4 c6 2. d4 d5 3. e5 Bf5 4. Nc3 e6 5. a3 c5 6. Nf3 Nc6 7. Bb5 Rc8 8. 0-0 a6 9. Bxc6+ Rxc6 10. Be3 b6 11. h3 h6 12. Qd2 Ne7 13. b4 cxb4 14. axb4 Qc7 15. Ra3 Nc8 16. Rb1 b5 17. Ne1 Rc4 18. Na2 Bxc2 19. Rc1 Ba4 20. Rxc4 dxc4 21. Qc3 Nb6 22. Bd2 Nd5 23. Qf3 a5 24. Kh1 Be7 25. bxa5 Bxa3 26. Qxa3 Qe7 27. Qxe7+ Kxe7 28. Nb4 Nxb4 29. Bxb4+ Kd7 30. Bc5 c3 31. Nd3 c2 32. Kg1 Ra8 33. Bb4 Kc6 34. Bd2 Kd5 35. Be3 Rxa5 36. Nb4+ Kc4 37. Na2 Bb3 38. Nc1 Ra1 39. Kf1 Ba4 40. Ke2 b4 41. Kd2 b3 0-1